El cuerpo del significante. La literatura contemporánea desde las teorías corporales
Shranjeno v:
| Main Authors: | , |
|---|---|
| Format: | Knjiga |
| Jezik: | španščina |
| Izdano: |
Barcelona
Universitat Autónoma de Barcelona
2011
|
| Izdaja: | 1a. ed |
| Serija: | Colección Cuerpos que Cuentan, 5
|
| Teme: | |
| Oznake: |
Označite
Brez oznak, prvi označite!
|
MARC
| LEADER | 00000cam a2200000 a 4500 | ||
|---|---|---|---|
| 001 | UCC2564 | ||
| 003 | CL-VaPUC | ||
| 008 | 180309e20111100sp |||||||||||||||||spa|d | ||
| 020 | |a 9788493954529 | ||
| 082 | 0 | 4 | |a 801 |b FAL |2 21 |
| 100 | 0 | |a Falconí, Diego |e author |9 596621 | |
| 700 | 0 | |a Acedo, Noemí |e author |9 596622 | |
| 245 | 1 | 3 | |a El cuerpo del significante. La literatura contemporánea desde las teorías corporales |
| 250 | |a 1a. ed | ||
| 300 | |a 410 p | ||
| 942 | |c BK | ||
| 945 | |d 20180309 22:06:00 |a arojas | ||
| 260 | |a Barcelona |b Universitat Autónoma de Barcelona |c 2011 | ||
| 650 | 0 | |a Teoría literaria |9 342621 | |
| 650 | 0 | |a Literatura contemporánea |9 321959 | |
| 650 | 0 | |a Crítica literaria |9 269189 | |
| 650 | 0 | |a Semiología |9 317916 | |
| 583 | |a last modification |c 20180309 22:06:00 |k Rodrigo Vera | ||
| 490 | 0 | |a Colección Cuerpos que Cuentan, 5 | |
| 999 | |c 370631 |d 370629 | ||
| 952 | |0 0 |1 0 |3 erb |4 0 |6 801_000000000000000_FAL_2011 |7 0 |8 A |9 487183 |a BIBEDU |b BIBEDU |i 545266K |o 801 FAL 2011 |p 545266K |r 2019-11-24 |w 2019-11-24 |y BK |z Catalogado en:20180309 |k LIT | ||